000 00706nam a2200193Ia 4500
003 GCL
008 140319s9999 xx 000 0 ara d
040 _aGCL /
_cGCL
082 0 4 _a956.601
_bم ا
100 1 _aمعهد البحوث والدراسات العربية
245 1 0 _aالازمة اللبنانية اصولها تطورها- ابعادها المختلفة /
_cمعهد البحوث والدراسات العربية
260 _a[S.N] :
_bمعهد البحوث والدراسات العربية ،
_c1978
300 _a735 ص
490 _a
650 0 4 _aتاريخ
650 0 4 _aلبنان
650 0 4 _aالامبراطورية العثمانية (1545 - 1920)
942 _2ddc
_cBK
999 _c29002
_d29002